zpět

Detail výsledku týmu

Šnyt, Šternberk

Datum a čas kvízu

13.5 Celkem bodů Celkový počet nahraných bodů na tomto kvízu bez doplňovacích otázek.
7. Pořadí na kvízu Konečné umístění týmu na tomto kvízu.

Zaznamenané odpovědi

# Otázka Odpověď Body Výsledky
1. Ze známého léku proti nepříjem... 1
2. Neobvyklý trest dostal starost... 0
3. Tento hvězdný pár už spolu asi... 1
4. Vítězem ocenění Podnikatel rok... 0
5. Se kterou sportovní událostí b... 0
6. Které z těchto děl Karla Čapka... 0
7. Tento obraz Františka Kupky se... 1
8. Toto dílo by bylo zbytečné pře... 0
9. Hudbu a text písně Kávu si osl... 0
10. Přiřaďte naše klasické filmy k... 0